000 00349nam a2200133Ia 4500
008 240624s9999 xx 000 0 und d
041 _aeng
082 _a338.4 BAL
100 _aBALLANTYNE ROY
245 _aINTERNATIONAL HANDBOOK ON ECOTOURISM
260 _c2013
_aUnited Kingdom
_bEdward Elgar
300 _axv, 504 p.; 23 cm.
365 _cBPS
_b25
999 _c32021
_d32021